000 00407cam a22001097a 4500
008 180718b1958 xxu||||| |||| 00| 0 eng d
082 _aD614 NATO
245 _aThe North Atlantic Treaty Organisation
_cby Reference Division, Central Office of Information
260 _aLondon
_bReference Division, Central Office of Information
_c1958
300 _a49p.
700 _aUnited Kingdom. Central Office of Information
999 _c490332
_d490332